[Event "Oberpfalz-ch M3"]
[Site "Bad Koetzting"]
[Date "2018.03.25"]
[Round "4"]
[White "Fischer, Agnes"]
[Black "Preischl, Manfred"]
[Result "0-1"]
[WhiteElo "1341"]
[BlackElo "1461"]
[PlyCount "80"]
[EventDate "2018.03.24"]
[EventType "swiss"]
[EventRounds "8"]
[EventCountry "GER"]
[SourceTitle "EXT 2020"]
[Source "ChessBase"]
[SourceDate "2019.10.17"]
[SourceVersion "1"]
[SourceVersionDate "2019.10.17"]
[SourceQuality "1"]

1. e4 c5 2. Nc3 d6 3. Nf3 Nc6 4. Be2 g6 5. 0-0 Bg7 6. Nd5 e6 7. Ne3 Nge7 8. h3 0-0 9. c3 d5 10. Qc2 d4 11. cxd4 cxd4 12. Ng4 h5 13. Ngh2 Nb4 14. Qc4 Nec6 15. d3 Qd6 16. Bd2 Na6 17. Rfc1 Bd7 18. a4 Rfc8 19. Qa2 Ncb4 20. Rxc8+ Rxc8 21. Bxb4 Nxb4 22. Qb1 Qc5 23. g4 Qc2 24. Bf1 Qxb1 25. Rxb1 Bxa4 26. b3 Bb5 27. e5 Bxd3 28. Bxd3 Nxd3 29. gxh5 gxh5 30. Nf1 Rc1 31. Rxc1 Nxc1 32. b4 Nd3 33. Ng3 h4 34. Nh5 Nxb4 35. Nxg7 Kxg7 36. Nxd4 Nd3 37. Nf3 a5 38. Kf1 a4 39. Ke2 a3 40. Nd2 a2 0-1

[Event "Nittenau-ch 16th"]
[Site "Nittenau"]
[Date "2016.09.17"]
[Round "3"]
[White "Preischl, Manfred"]
[Black "Limmer, Ewald"]
[Result "1-0"]
[WhiteElo "1446"]
[BlackElo "1520"]
[PlyCount "77"]
[EventDate "2016.09.16"]
[EventType "swiss"]
[EventRounds "5"]
[EventCountry "GER"]
[SourceTitle "EXT 2022"]
[Source "ChessBase"]
[SourceDate "2021.10.06"]
[SourceVersion "1"]
[SourceVersionDate "2021.10.06"]
[SourceQuality "1"]

1. c4 e5 2. Nc3 Nf6 3. d3 Be7 4. Nf3 d6 5. g3 h6 6. Bg2 Nc6 7. 0-0 Bd7 8. a3 a6 9. b4 Qc8 10. b5 axb5 11. cxb5 Nd4 12. Rb1 Nxf3+ 13. Bxf3 c6 14. d4 exd4 15. Qxd4 0-0 16. a4 c5 17. Qd1 Be6 18. Nd5 Bxd5 19. Bxd5 Nxd5 20. Qxd5 Rxa4 21. Bf4 Rd4 22. Qf3 b6 23. Rfd1 Rxd1+ 24. Rxd1 Rd8 25. Ra1 d5 26. Ra7 Qe6 27. Rb7 Rd7 28. Bc7 Bd6 29. Rb8+ Kh7 30. Bxd6 Rxd6 31. Rb7 Rd7 32. Rxb6 Qe5 33. Rc6 c4 34. b6 f6 35. Qf4 Rb7 36. Qd2 g6 37. Qf4 Qxf4 38. gxf4 f5 39. Rc7+ 1-0

[Event "Nittenau-ch 10th"]
[Site "Nittenau"]
[Date "2010.10.04"]
[Round "1"]
[White "Kues, Manuel"]
[Black "Preischl, Manfred"]
[Result "1/2-1/2"]
[WhiteElo "1920"]
[BlackElo "1456"]
[PlyCount "101"]
[EventDate "2010.09.17"]
[EventType "swiss"]
[EventRounds "5"]
[EventCountry "GER"]
[SourceTitle "EXT 2022"]
[Source "ChessBase"]
[SourceDate "2021.10.06"]
[SourceVersion "1"]
[SourceVersionDate "2021.10.06"]
[SourceQuality "1"]

1. e4 c5 2. Nf3 d6 3. d4 cxd4 4. Nxd4 Nc6 5. Nc3 Nf6 6. Be2 g6 7. Be3 Bg7 8. 0-0 0-0 9. f4 Nd7 10. Kh1 a6 11. Qd2 Qc7 12. Nd5 Qd8 13. Rad1 Nc5 14. Nxc6 bxc6 15. Bxc5 cxd5 16. Qxd5 Be6 17. Qg5 Qa5 18. Bd4 Qxg5 19. fxg5 Bxd4 20. Rxd4 Rfc8 21. c4 a5 22. b3 Rab8 23. Rb1 Rc5 24. h4 Kg7 25. Kg1 f6 26. gxf6+ Kxf6 27. Kf2 Ke5 28. Ke3 Rcc8 29. Rdd1 a4 30. Rdc1 axb3 31. axb3 Rf8 32. Bf3 Rbc8 33. Bd1 Ra8 34. Ra1 Bd7 35. Bc2 Bc6 36. Rf1 Rxa1 37. Rxa1 Ra8 38. Rxa8 Bxa8 39. b4 Bb7 40. g4 e6 41. c5 dxc5 42. bxc5 Bc6 43. Bd3 h6 44. Bc2 g5 45. hxg5 hxg5 46. Bd3 Ba4 47. Ba6 Bc6 48. Bd3 Ba4 49. Ba6 Bc6 50. Bc4 Ba4 51. Ba6 1/2-1/2

[Event "Oberpfalz-ch M3"]
[Site "Roding"]
[Date "2010.03.30"]
[Round "7"]
[White "Prommersberger, Helmut"]
[Black "Preischl, Manfred"]
[Result "1/2-1/2"]
[WhiteElo "1485"]
[BlackElo "1443"]
[PlyCount "39"]
[EventDate "2010.03.27"]
[EventType "swiss"]
[EventRounds "8"]
[EventCountry "GER"]
[SourceTitle "EXT 2012"]
[Source "ChessBase"]
[SourceDate "2011.11.24"]
[SourceVersion "1"]
[SourceVersionDate "2011.11.24"]
[SourceQuality "1"]

1. d4 d5 2. c4 e5 3. e3 exd4 4. exd4 Nf6 5. Bg5 Be7 6. Nc3 Be6 7. c5 Nc6 8. Bb5 Qd7 9. Qa4 Bf5 10. Bxc6 bxc6 11. Nf3 Ng4 12. 0-0 Bxg5 13. Nxg5 0-0 14. Nf3 Bd3 15. Rfe1 Bb5 16. Nxb5 cxb5 17. Qc2 c6 18. h3 Nf6 19. Ne5 Qc7 20. b4 1/2-1/2

[Event "Oberpfalz-ch M3"]
[Site "Roding"]
[Date "2010.03.28"]
[Round "4"]
[White "Preischl, Manfred"]
[Black "Vinogradov, Anatoly"]
[Result "0-1"]
[WhiteElo "1443"]
[BlackElo "1313"]
[PlyCount "52"]
[EventDate "2010.03.27"]
[EventType "swiss"]
[EventRounds "8"]
[EventCountry "GER"]
[SourceTitle "EXT 2012"]
[Source "ChessBase"]
[SourceDate "2011.11.24"]
[SourceVersion "1"]
[SourceVersionDate "2011.11.24"]
[SourceQuality "1"]

1. c4 e5 2. Nc3 Nc6 3. Nf3 Bb4 4. g3 Bxc3 5. dxc3 d6 6. Bg2 Nf6 7. 0-0 Be6 8. Qa4 0-0 9. Ng5 Qd7 10. Nxe6 fxe6 11. Qb5 Rab8 12. c5 d5 13. Qd3 Rbd8 14. a3 Qe7 15. b4 d4 16. Qc4 dxc3 17. Qxc3 Nd4 18. Qc4 b5 19. Qa2 e4 20. Bg5 Qf7 21. e3 Nf3+ 22. Bxf3 exf3 23. Rad1 h6 24. Bxf6 Qxf6 25. Qb3 Qf5 26. Rd4 Qh3 0-1

[Event "Nittenau-ch 8th"]
[Site "Nittenau"]
[Date "2008.11.16"]
[Round "5"]
[White "Schmid, Alexander"]
[Black "Preischl, Manfred"]
[Result "1/2-1/2"]
[WhiteElo "1370"]
[BlackElo "1433"]
[PlyCount "156"]
[EventDate "2008.11.14"]
[EventType "swiss"]
[EventRounds "5"]
[EventCountry "GER"]
[SourceTitle "EXT 2010"]
[Source "ChessBase"]
[SourceDate "2010.11.25"]
[SourceVersion "1"]
[SourceVersionDate "2010.11.25"]
[SourceQuality "1"]

1. e4 c5 2. Nf3 d6 3. Bc4 Nc6 4. h3 Nf6 5. Nc3 g6 6. 0-0 Bg7 7. Nd5 0-0 8. d3 Nd7 9. c3 e6 10. Nf4 Nde5 11. Bb3 b5 12. Be3 a5 13. a4 b4 14. Nxe5 Bxe5 15. Ne2 bxc3 16. bxc3 Rb8 17. f4 Bg7 18. d4 cxd4 19. Nxd4 Nxd4 20. Bxd4 Ba6 21. Rf3 Qc7 22. Rc1 Bc4 23. Bc2 Rb2 24. Bxg7 Kxg7 25. Qd4+ e5 26. fxe5 dxe5 27. Qe3 Rfb8 28. Bd3 Bxd3 29. Qxd3 Qb6+ 30. Kh2 Rd8 31. Qc4 Rd7 32. Qf1 Qc7 33. c4 Rdd2 34. Rg3 Qe7 35. c5 Rf2 36. Qg1 Rbc2 37. c6 Qc5 38. Rxc2 Rxc2 39. Qa1 Qd4 40. Qa3 Rxc6 41. h4 Qxe4 42. h5 Qh4+ 43. Rh3 Qf4+ 44. Rg3 Rc4 45. hxg6 hxg6 46. Qb3 Rxa4 47. Qc3 Qd4 48. Qc2 Rc4 49. Qb3 Qc5 50. Rh3 Qb4 51. Qe3 Rh4 52. Qxe5+ Kh7 53. Rxh4+ Qxh4+ 54. Kg1 a4 55. Qa5 Qd4+ 56. Kh2 Qd6+ 57. Kh1 a3 58. Qa4 Qc5 59. Qb3 Qc1+ 60. Kh2 Qb2 61. Qxf7+ Kh6 62. Qf8+ Kg5 63. Qd8+ Kf5 64. Qd7+ Ke4 65. Qc6+ Ke3 66. Qe6+ Kd2 67. Qd6+ Kc1 68. Qf4+ Kb1 69. Qf1+ Qc1 70. Qb5+ Ka1 71. Qe5+ Qb2 72. Qe1+ Ka2 73. Qe6+ Kb1 74. Qe1+ Kc2 75. Qe4+ Kd2 76. Qf4+ Kd3 77. Qf3+ Kc4 78. Qc6+ Kd4 1/2-1/2

[Event "Nittenau-ch 8th"]
[Site "Nittenau"]
[Date "2008.11.14"]
[Round "1"]
[White "Singer, Michael"]
[Black "Preischl, Manfred"]
[Result "1-0"]
[WhiteElo "1851"]
[BlackElo "1433"]
[PlyCount "63"]
[EventDate "2008.11.14"]
[EventType "swiss"]
[EventRounds "5"]
[EventCountry "GER"]
[SourceTitle "EXT 2010"]
[Source "ChessBase"]
[SourceDate "2010.11.25"]
[SourceVersion "1"]
[SourceVersionDate "2010.11.25"]
[SourceQuality "1"]

1. c4 c5 2. g3 Nc6 3. Bg2 Nf6 4. Nc3 g6 5. e3 d6 6. Nge2 Bg7 7. 0-0 0-0 8. d4 cxd4 9. exd4 a6 10. b3 Rb8 11. Bb2 Bg4 12. h3 Bd7 13. Rc1 Qa5 14. a3 Qh5 15. Nf4 Qxd1 16. Rcxd1 Rfd8 17. b4 b5 18. cxb5 axb5 19. Rfe1 e5 20. dxe5 dxe5 21. Nd3 Be8 22. Bxc6 Bxc6 23. Nxe5 Rxd1 24. Rxd1 Be8 25. f4 Nh5 26. Kf2 Bxe5 27. fxe5 Ng7 28. Nd5 Kf8 29. Nf6 h5 30. Bc1 Ke7 31. Bh6 Ne6 32. Ng8# 1-0

[Event "Oberpfalz-ch M3"]
[Site "Kareth Lappersdorf"]
[Date "2008.03.18"]
[Round "7"]
[White "Blodig, Constantin"]
[Black "Preischl, Manfred"]
[Result "0-1"]
[WhiteElo "1414"]
[BlackElo "1471"]
[PlyCount "53"]
[EventDate "2008.03.15"]
[EventType "swiss"]
[EventRounds "8"]
[EventCountry "GER"]
[SourceTitle "EXT 2022"]
[Source "ChessBase"]
[SourceDate "2021.10.06"]
[SourceVersion "1"]
[SourceVersionDate "2021.10.06"]
[SourceQuality "1"]

1. e4 c5 2. Nc3 Nc6 3. g3 Nf6 4. Bg2 g6 5. f4 d6 6. d3 Bg7 7. Nf3 0-0 8. 0-0 Rb8 9. Kh1 Nd7 10. g4 b5 11. f5 Nde5 12. h3 b4 13. Ne2 Bb7 14. Qe1 Nxf3 15. Bxf3 Ne5 16. Qg3 d5 17. Bf4 Nxf3 18. Bxb8 Qxb8 19. Qxb8 Rxb8 20. Rxf3 dxe4 21. dxe4 Bxe4 22. Kg2 Rd8 23. c3 Rd2 24. Kf2 Bxf3 25. Kxf3 bxc3 26. bxc3 Bxc3 27. Ke3 0-1

[Event "Oberpfalz-ch M3"]
[Site "Kareth Lappersdorf"]
[Date "2008.03.18"]
[Round "8"]
[White "Preischl, Manfred"]
[Black "Klein, Lars Steffen"]
[Result "1/2-1/2"]
[WhiteElo "1471"]
[BlackElo "1306"]
[PlyCount "77"]
[EventDate "2008.03.15"]
[EventType "swiss"]
[EventRounds "8"]
[EventCountry "GER"]
[SourceTitle "EXT 2022"]
[Source "ChessBase"]
[SourceDate "2021.10.06"]
[SourceVersion "1"]
[SourceVersionDate "2021.10.06"]
[SourceQuality "1"]

1. c4 Nf6 2. Nc3 c5 3. Nf3 Nc6 4. g3 g6 5. Bg2 Bg7 6. 0-0 0-0 7. d4 cxd4 8. Nxd4 a6 9. e4 Qc7 10. Nxc6 bxc6 11. Rb1 d6 12. h3 Ne8 13. Be3 f5 14. f4 fxe4 15. Nxe4 Nf6 16. Nxf6+ Bxf6 17. Bd4 Rb8 18. Bxf6 exf6 19. g4 Re8 20. Qd2 f5 21. g5 Bb7 22. Rfe1 Rbd8 23. Rxe8+ Rxe8 24. Re1 Kf7 25. Rxe8 Kxe8 26. Qe3+ Kd7 27. Qd4 Qd8 28. Qg7+ Qe7 29. Qxe7+ Kxe7 30. Kf2 Kd7 31. b4 Kc7 32. Ke3 c5 33. Bxb7 Kxb7 34. bxc5 dxc5 35. Kd3 Kb6 36. Kc3 Ka5 37. Kb3 Kb6 38. Ka4 a5 39. a3 1/2-1/2

[Event "Oberpfalz-ch M3"]
[Site "Kareth Lappersdorf"]
[Date "2008.03.15"]
[Round "3"]
[White "Plankl, Christian"]
[Black "Preischl, Manfred"]
[Result "0-1"]
[WhiteElo "1251"]
[BlackElo "1471"]
[PlyCount "116"]
[EventDate "2008.03.15"]
[EventType "swiss"]
[EventRounds "8"]
[EventCountry "GER"]
[SourceTitle "EXT 2022"]
[Source "ChessBase"]
[SourceDate "2021.10.06"]
[SourceVersion "1"]
[SourceVersionDate "2021.10.06"]
[SourceQuality "1"]

1. e4 c5 2. Nc3 Nc6 3. g3 Nf6 4. Bg2 d6 5. d3 g6 6. f4 Bg7 7. Nf3 0-0 8. 0-0 Rb8 9. h3 b5 10. Ne2 Bb7 11. g4 Nd7 12. Ng3 Qb6 13. c3 b4 14. c4 Nd4 15. Ne2 Nxf3+ 16. Rxf3 f5 17. Re3 e5 18. Kh1 Qd8 19. Qe1 fxg4 20. hxg4 exf4 21. Rf3 g5 22. Rb1 Ne5 23. b3 Rf6 24. Ng1 Nxf3 25. Nxf3 Rh6+ 26. Kg1 Re6 27. Qf2 Be5 28. Bb2 Bxb2 29. Rxb2 Qf6 30. Qd2 Re7 31. Nh2 Rf7 32. Bf3 Qd4+ 33. Kf1 Rf6 34. Kg2 Rh6 35. Be2 Re8 36. Nf3 Qf6 37. Bd1 Bc8 38. Qf2 Re7 39. Nh2 Rh4 40. Rd2 Qh6 41. Qg1 Rh3 42. Kf1 Rg3 43. Qf2 Qh3+ 44. Ke1 Re3+ 45. Be2 Qg3 46. Nf1 Qxf2+ 47. Kxf2 Rh3 48. Kg2 Rh4 49. Nh2 Re6 50. Rd1 Reh6 51. Rh1 Rh3 52. Bf3 R6h4 53. Be2 Be6 54. Bf3 Bf7 55. Be2 h5 56. Bf3 Rg3+ 57. Kf2 hxg4 58. Be2 Rhh3 0-1

[Event "Oberpfalz-ch M3"]
[Site "Windischeschenbach"]
[Date "2007.04.02"]
[Round "5"]
[White "Preischl, Manfred"]
[Black "Baeuml, Gerhard"]
[Result "0-1"]
[WhiteElo "1512"]
[BlackElo "1426"]
[PlyCount "80"]
[EventDate "2007.03.31"]
[EventType "swiss"]
[EventRounds "8"]
[EventCountry "GER"]
[SourceTitle "EXT 2022"]
[Source "ChessBase"]
[SourceDate "2021.10.06"]
[SourceVersion "1"]
[SourceVersionDate "2021.10.06"]
[SourceQuality "1"]

1. c4 Nf6 2. Nc3 d6 3. Nf3 Nc6 4. g3 Bf5 5. Bg2 e6 6. 0-0 h5 7. d3 Qd7 8. Rb1 Ng4 9. h3 Nh6 10. b4 Be7 11. b5 Nd8 12. Ng5 f6 13. Nge4 g5 14. e3 e5 15. Nd5 Ng8 16. f4 Bxh3 17. Bxh3 Qxh3 18. Nxc7+ Kd7 19. Nxa8 f5 20. Qf3 fxe4 21. dxe4 h4 22. g4 Qxf3 23. Rxf3 Ne6 24. b6 Nf6 25. f5 Nc5 26. Nc7 axb6 27. Nd5 Ncxe4 28. Nxe7 Kxe7 29. Rxb6 Rb8 30. Ba3 Nxg4 31. Kg2 Ngf6 32. Rf1 g4 33. Rd1 h3+ 34. Kh2 g3+ 35. Kg1 Rh8 36. Rxb7+ Kf8 37. Bxd6+ Nxd6 38. Rxd6 h2+ 39. Kf1 h1Q+ 40. Ke2 Rh2+ 0-1

[Event "Oberpfalz-ch M3"]
[Site "Windischeschenbach"]
[Date "2007.03.31"]
[Round "1"]
[White "Preischl, Manfred"]
[Black "Renz, Harry"]
[Result "1-0"]
[WhiteElo "1512"]
[BlackElo "1159"]
[PlyCount "111"]
[EventDate "2007.03.31"]
[EventType "swiss"]
[EventRounds "8"]
[EventCountry "GER"]
[SourceTitle "EXT 2022"]
[Source "ChessBase"]
[SourceDate "2021.10.06"]
[SourceVersion "1"]
[SourceVersionDate "2021.10.06"]
[SourceQuality "1"]

1. c4 e6 2. Nc3 a6 3. g3 d6 4. Bg2 c6 5. d4 h6 6. e4 Ra7 7. d5 c5 8. f4 g6 9. Nge2 Bg7 10. Rb1 e5 11. 0-0 Ne7 12. Be3 0-0 13. b4 Nd7 14. Qd2 f5 15. b5 Nb6 16. Qd3 a5 17. Rbc1 a4 18. Bd2 a3 19. exf5 Bxf5 20. Ne4 Kh7 21. h3 h5 22. fxe5 Bxe5 23. Qe3 Bg7 24. Ng5+ Kg8 25. Ne6 Bxe6 26. Qxe6+ Kh7 27. Rxf8 Bxf8 28. Bg5 Nd7 29. Rf1 Ne5 30. Rf7+ Nxf7 31. Qxf7+ Bg7 32. Bxe7 b6 33. Qxg7+ Kxg7 34. Bxd8 Ra4 35. Bg5 Rxc4 36. Bc1 Rc2 37. Bxa3 Rxe2 38. Bf1 Rxa2 39. Bc1 Kf6 40. Bf4 Ke7 41. Bd3 Ra4 42. Bxg6 Rxf4 43. gxf4 h4 44. f5 Kf6 45. Kf2 Ke5 46. Ke3 c4 47. Bf7 c3 48. Be6 c2 49. Kd2 c1Q+ 50. Kxc1 Kf6 51. Kd2 Ke5 52. Ke3 Kf6 53. Kf4 Kg7 54. Kg5 Kf8 55. Kxh4 Kg7 56. Kg5 1-0

[Event "Nittenau-ch 7th"]
[Site "Nittenau"]
[Date "2007.??.??"]
[Round "3"]
[White "Kellner, Christian"]
[Black "Preischl, Manfred"]
[Result "0-1"]
[WhiteElo "1030"]
[BlackElo "1499"]
[PlyCount "44"]
[EventDate "2007.??.??"]
[EventType "swiss"]
[EventRounds "5"]
[EventCountry "GER"]
[SourceTitle "EXT 2010"]
[Source "ChessBase"]
[SourceDate "2010.11.25"]
[SourceVersion "1"]
[SourceVersionDate "2010.11.25"]
[SourceQuality "1"]

1. e4 c5 2. Nf3 d6 3. Nc3 Nc6 4. d4 cxd4 5. Nxd4 Nf6 6. Bb5 Bd7 7. 0-0 g6 8. Be3 Bg7 9. f4 0-0 10. Bxc6 bxc6 11. a3 Ng4 12. Qd2 Nxe3 13. Qxe3 Rb8 14. b4 a5 15. Rab1 axb4 16. Rxb4 Rxb4 17. axb4 Qb6 18. Nce2 Qxb4 19. e5 dxe5 20. fxe5 Qc5 21. e6 Bxe6 22. Nxe6 Qxe3+ 0-1

[Event "Nittenau-ch 7th"]
[Site "Nittenau"]
[Date "2007.??.??"]
[Round "5"]
[White "Kues, Manuel"]
[Black "Preischl, Manfred"]
[Result "1-0"]
[WhiteElo "1719"]
[BlackElo "1499"]
[PlyCount "87"]
[EventDate "2007.??.??"]
[EventType "swiss"]
[EventRounds "5"]
[EventCountry "GER"]
[SourceTitle "EXT 2010"]
[Source "ChessBase"]
[SourceDate "2010.11.25"]
[SourceVersion "1"]
[SourceVersionDate "2010.11.25"]
[SourceQuality "1"]

1. e4 c5 2. Nf3 d6 3. d4 cxd4 4. Nxd4 Nf6 5. Nc3 g6 6. Be3 Bg7 7. Bc4 0-0 8. f4 Ng4 9. Qd2 Nxe3 10. Qxe3 Qb6 11. 0-0-0 e5 12. fxe5 dxe5 13. Nd5 Qc5 14. Nb5 Qxc4 15. Nbc7 Qxa2 16. Nxa8 Bg4 17. Rdf1 Nc6 18. Nac7 Nd4 19. Kd2 Qxb2 20. Qc3 Bh6+ 21. Ke1 Nxc2+ 22. Kf2 Qxc3 23. Nxc3 Be3+ 24. Kg3 h5 25. N7d5 Bg5 26. h4 Bd2 27. Nf6+ Kg7 28. Ncd5 Be6 29. Rb1 Bxd5 30. Nxd5 b6 31. Rb2 Rc8 32. Rd1 Bh6 33. Ra2 Ne3 34. Nxe3 Bxe3 35. Rxa7 Bf4+ 36. Kf2 Rc2+ 37. Kg1 b5 38. Rb7 Be3+ 39. Kh1 Rb2 40. Rf1 Bf2 41. g3 Bxg3 42. Rfxf7+ Kg8 43. Rg7+ Kf8 44. Rgc7 1-0

[Event "Nittenau-ch 06th"]
[Site "Nittenau"]
[Date "2006.09.16"]
[Round "2"]
[White "Preischl, Manfred"]
[Black "Karl, Markus"]
[Result "1-0"]
[WhiteElo "1533"]
[BlackElo "1202"]
[PlyCount "67"]
[EventDate "2006.09.15"]
[EventType "swiss"]
[EventRounds "5"]
[EventCountry "GER"]
[SourceTitle "EXT 2022"]
[Source "ChessBase"]
[SourceDate "2021.10.06"]
[SourceVersion "1"]
[SourceVersionDate "2021.10.06"]
[SourceQuality "1"]

1. c4 e5 2. Nc3 Nf6 3. d3 Bc5 4. Nf3 Nc6 5. g3 d6 6. Bg2 0-0 7. 0-0 h6 8. a3 a5 9. Rb1 Rb8 10. Nd2 Be6 11. Nde4 Nxe4 12. Nxe4 Bb6 13. b4 axb4 14. axb4 Ne7 15. Qc2 f5 16. Nd2 c6 17. b5 d5 18. bxc6 bxc6 19. cxd5 Bxd5 20. e4 fxe4 21. dxe4 Be6 22. Ba3 Rc8 23. Bxe7 Qxe7 24. Rxb6 c5 25. Nc4 Bf7 26. Qc3 Qc7 27. Rfb1 Bxc4 28. Qxc4+ Kh8 29. Rb7 Qd6 30. Qd5 Qxd5 31. exd5 c4 32. Re7 Rfe8 33. Rxe8+ Rxe8 34. Rc1 1-0

[Event "Nittenau-ch 06th"]
[Site "Nittenau"]
[Date "2006.09.15"]
[Round "1"]
[White "Werner, Claus"]
[Black "Preischl, Manfred"]
[Result "1-0"]
[WhiteElo "2195"]
[BlackElo "1533"]
[PlyCount "41"]
[EventDate "2006.09.15"]
[EventType "swiss"]
[EventRounds "5"]
[EventCountry "GER"]
[SourceTitle "EXT 2022"]
[Source "ChessBase"]
[SourceDate "2021.10.06"]
[SourceVersion "1"]
[SourceVersionDate "2021.10.06"]
[SourceQuality "1"]

1. e4 c5 2. Nf3 d6 3. d4 cxd4 4. Qxd4 Nc6 5. Bb5 Bd7 6. Bxc6 bxc6 7. Nc3 e5 8. Qd3 Nf6 9. Bg5 Be6 10. Rd1 Qb6 11. b3 Be7 12. Bxf6 gxf6 13. Nd2 d5 14. exd5 0-0-0 15. Nc4 Qc5 16. Ne3 cxd5 17. Ncxd5 Bxd5 18. Nxd5 Qa5+ 19. c3 Ba3 20. 0-0 Rhg8 21. b4 1-0

[Event "Nittenau-ch 04th"]
[Site "Nittenau"]
[Date "2004.08.29"]
[Round "4"]
[White "Yin, Stanley"]
[Black "Preischl, Manfred"]
[Result "1-0"]
[WhiteElo "1683"]
[BlackElo "1528"]
[PlyCount "105"]
[EventDate "2004.08.27"]
[EventType "swiss"]
[EventRounds "5"]
[EventCountry "GER"]
[SourceTitle "EXT 2022"]
[Source "ChessBase"]
[SourceDate "2021.10.06"]
[SourceVersion "1"]
[SourceVersionDate "2021.10.06"]
[SourceQuality "1"]

1. b4 c6 2. c4 Nf6 3. e3 d5 4. Nf3 Bf5 5. Bb2 Nbd7 6. Be2 Qc7 7. Nc3 e6 8. a3 Be7 9. Nh4 Bg6 10. Nxg6 hxg6 11. h3 dxc4 12. Bxc4 Rd8 13. Rc1 Ne5 14. Be2 Nd3+ 15. Bxd3 Rxd3 16. Qf3 Qd7 17. Ne4 Nxe4 18. Qxe4 Bf6 19. Bxf6 gxf6 20. Qf4 Ke7 21. b5 e5 22. Qb4+ Qd6 23. bxc6 Qxb4 24. axb4 bxc6 25. Rxc6 Rhd8 26. Rc7+ R8d7 27. Rxd7+ Kxd7 28. Ke2 Rb3 29. Ra1 Rxb4 30. Rxa7+ Ke6 31. Ra1 f5 32. Kf3 g5 33. Ra2 g4+ 34. hxg4 fxg4+ 35. Kg3 f5 36. Kh4 Rb8 37. Ra6+ Kd5 38. Kg5 g3 39. fxg3 Rg8+ 40. Rg6 Rf8 41. d3 Rf7 42. g4 f4 43. exf4 exf4 44. Rf6 Re7 45. Rxf4 Re2 46. Kh6 Rxg2 47. g5 Ke5 48. Rf3 Rh2+ 49. Kg7 Ke6 50. g6 Rh1 51. Kg8 Rg1 52. g7 Rh1 53. Kf8 1-0